The murder on the links. (Record no. 174335)
[ view plain ]
| 000 -LEADER | |
|---|---|
| fixed length control field | 00864cam a2200277u 4500 |
| 001 - CONTROL NUMBER | |
| control field | 9195603 |
| 003 - CONTROL NUMBER IDENTIFIER | |
| control field | Nust |
| 005 - DATE AND TIME OF LATEST TRANSACTION | |
| control field | 20180723112644.0 |
| 008 - FIXED-LENGTH DATA ELEMENTS--GENERAL INFORMATION | |
| fixed length control field | 821209s1923 nyu 000 0 eng |
| 010 ## - LIBRARY OF CONGRESS CONTROL NUMBER | |
| LC control number | 23006380 |
| 020 ## - INTERNATIONAL STANDARD BOOK NUMBER | |
| International Standard Book Number | 9780007282302 |
| Terms of availability | Rs. 260 |
| 038 ## - RECORD CONTENT LICENSOR | |
| Staff Name | Arshad |
| 040 ## - CATALOGING SOURCE | |
| Original cataloging agency | DLC |
| Transcribing agency | CarP |
| Modifying agency | DLC |
| 050 00 - LIBRARY OF CONGRESS CALL NUMBER | |
| Classification number | PZ3.C4637 |
| Item number | Mu |
| Classification number | PR6005.H66 |
| 050 00 - LIBRARY OF CONGRESS CALL NUMBER | |
| Classification number | Microfilm 52020 PZ |
| 082 00 - DEWEY DECIMAL CLASSIFICATION NUMBER | |
| Classification number | 823.912 |
| Author Mark | CHR |
| 100 1# - MAIN ENTRY--PERSONAL NAME | |
| Personal name | Christie, Agatha, |
| Dates associated with a name | 1890-1976. |
| 9 (RLIN) | 2976 |
| 245 14 - TITLE STATEMENT | |
| Title | The murder on the links. |
| 260 ## - PUBLICATION, DISTRIBUTION, ETC. | |
| Place of publication, distribution, etc. | New York, |
| Name of publisher, distributor, etc. | Dodd, Mead and company, |
| Date of publication, distribution, etc. | 1923. |
| 300 ## - PHYSICAL DESCRIPTION | |
| Extent | 319 p. |
| Dimensions | 20 cm. |
| 600 10 - SUBJECT ADDED ENTRY--PERSONAL NAME | |
| Personal name | Poirot, Hercule |
| Titles and other words associated with a name | (Fictitious character) |
| Form subdivision | Fiction. |
| 9 (RLIN) | 11837 |
| 650 #0 - SUBJECT ADDED ENTRY--TOPICAL TERM | |
| Topical term or geographic name entry element | Private investigators |
| Geographic subdivision | England |
| Form subdivision | Fiction. |
| 9 (RLIN) | 11838 |
| 655 #7 - INDEX TERM--GENRE/FORM | |
| Genre/form data or focus term | Detective and mystery stories. |
| Source of term | gsafd |
| 9 (RLIN) | 2977 |
| 906 ## - LOCAL DATA ELEMENT F, LDF (RLIN) | |
| a | 0 |
| b | cbc |
| c | premunv |
| d | u |
| e | ncip |
| f | 19 |
| g | y-gencatlg |
| 942 ## - ADDED ENTRY ELEMENTS (KOHA) | |
| Source of classification or shelving scheme | |
| Koha item type | Book |
| Withdrawn status | Lost status | Source of classification or shelving scheme | Damaged status | Not for loan | Permanent Location | Current Location | Shelving location | Date acquired | Total Checkouts | Full call number | Barcode | Date last seen | Date last checked out | Copy number | Price effective from | Koha item type |
|---|---|---|---|---|---|---|---|---|---|---|---|---|---|---|---|---|
| Central Library (CL) | Central Library (CL) | Fiction | 01/24/2017 | 2 | 823.912 CHR | CL1053 | 02/08/2023 | 02/08/2023 | 1 | 01/24/2017 | Book |
